000 00958nam a2200265 i 4500
001 180157
003 ES-MaACL
005 20230928173829.0
008 120508s2010 sp aco |||| |bspa d
020 _a84-96695-43-3
080 _a929Tudela, José
080 _a821.134.2Tudela de la Orden, José1.07
100 1 _aGoig Soler, María Isabel.
_957620
245 1 0 _aJosé Tudela
_b: la persona y sus espacios /
_cIsabel Goig Soler.
260 _aSoria :
_bDiputación Provincial de Soria,
_c[2010]
300 _a435 p. :
_bil. col. y n., fot. ;
_c23 cm.
504 _aBibliografía: p. 431-432.
600 1 4 _aTudela de la Orden, José.
_9111634
651 4 _aSoria (Provicia)-
_xDescripción.
_99408
700 1 _aTudela de la Orden, José.
_9111634
710 1 _aSoria (Provincia).
_bDiputación Provincial.
_96880
852 _aES-MaACL
_jA-12071
_9187067
_bR.146806
_cDEPO1
_dOlim: N-5076
942 _2udc
_cMONOGRAFIA
999 _c180157
_d180157